|
|
|
|
| LEADER |
00000naa2a2200000 4500 |
| 001 |
121950 |
| 005 |
20240115110219.0 |
| 035 |
|
|
|a (RuTPU)RU\TPU\book\132059
|
| 090 |
|
|
|a 121950
|
| 100 |
|
|
|a 20070924d2006 k y0rusy50 ca
|
| 101 |
0 |
|
|a rus
|
| 102 |
|
|
|a RU
|
| 200 |
1 |
|
|a Новая методика оценки отравления теплового реактора ксеноном и самарием в переходных режимах
|f В. Н. Мельникова [и др.]
|
| 463 |
|
0 |
|0 (RuTPU)RU\TPU\book\117330
|y 5-7262-0648-7
|t Полярное сияние - 2006. Ядерное будущее: безопасность, экономика и право
|o IX Международная студенческая научная конференция, 30 января - 4 февраля 2006 г., Санкт-Петербург
|o сборник тезисов докладов
|f Московский инженерно-физический институт; Полярное сияние - 2006. Ядерное будущее: безопасность, экономика и право; под ред. В. В. Харитонов
|v С. 184-186
|d 2006
|p 436 с.
|
| 610 |
1 |
|
|a тепловые реакторы
|
| 610 |
1 |
|
|a отравление
|
| 610 |
1 |
|
|a оценка
|
| 610 |
1 |
|
|a методики оценки
|
| 610 |
1 |
|
|a ксенон
|
| 610 |
1 |
|
|a самарий
|
| 610 |
1 |
|
|a труды учёных ТПУ
|
| 701 |
|
1 |
|a Мельникова
|b В. Н.
|
| 701 |
|
1 |
|a Валуев
|b И. Б.
|
| 701 |
|
1 |
|a Кузьмин
|b А. В.
|c специалист в области теплоэнергетики
|c доцент Томского политехнического университета, кандидат технических наук
|f 1942-
|g Ариан Валерьевич
|3 (RuTPU)RU\TPU\pers\25529
|9 11459
|
| 701 |
|
1 |
|a Белоусов
|b А. Г.
|
| 801 |
|
1 |
|a RU
|b 63413507
|c 20070924
|g PSBO
|
| 801 |
|
2 |
|a RU
|b 63413507
|c 20150428
|g RCR
|
| 942 |
|
|
|c BK
|